| 000 | 00507cam a22002171 4500 | ||
|---|---|---|---|
| 001 | sa 63003977 | ||
| 003 | DLC | ||
| 005 | 20260227111945.0 | ||
| 008 | 890425s1961 ii 000 0 beno | ||
| 010 | _asa 63003977 | ||
| 035 | _a(OCoLC)19601910 | ||
| 040 |
_aDLC _cWaU _dDLC |
||
| 042 | _apremarc | ||
| 050 | 0 | 0 |
_aPK1718.R63 _bD3 |
| 100 | 1 |
_aRoy, Kalidas, _d1889-1975. |
|
| 245 | 1 | 0 | _aDantaruci-kaumudī. |
| 260 | _c[1961] | ||
| 300 |
_a130 p. _c23 cm. |
||
| 500 | _aIn Bengali. | ||
| 500 | _aPoems. | ||
| 999 |
_c55407 _d55407 |
||